Online
Catalog

Perros perdidos sin collar / (Record no. 25514)

MARC details
000 -CABECERA
campo de control de longitud fija 00857nam a2200241 a 4500
001 - NÚMERO DE CONTROL
campo de control 000026022
005 - FECHA Y HORA DE LA ÚLTIMA TRANSACCIÓN
campo de control 20200930024233.0
008 - DATOS DE LONGITUD FIJA--INFORMACIÓN GENERAL
campo de control de longitud fija 110225s1965 sp r 000 f spa d
040 ## - FUENTE DE LA CATALOGACIÓN
Centro catalogador/agencia de origen DO-SdBNP
Lengua de catalogación spa
Centro/agencia transcriptor BNPHU
041 17 - CÓDIGO DE LENGUA
Código de lengua del texto/banda sonora o título independiente esp
Código de lengua original fre
Fuente del código Código de idioma MARC
082 ## - NÚMERO DE LA CLASIFICACIÓN DECIMAL DEWEY
Número de clasificación NNN
Número de documento/Ítem C421p, 1965
049 ## - FONDOS LOCALES (OCLC)
Fondos de biblioteca BNGR
100 1# - ENTRADA PRINCIPAL--NOMBRE DE PERSONA
Nombre de persona Cesbron, Gilbert,
Fechas asociadas al nombre 1913-1979
9 (RLIN) 39609
240 10 - TÍTULO UNIFORME
Título uniforme Chiens perdus sans collier
Lenguaje de la obra Español.
245 10 - MENCIÓN DE TÍTULO
Título Perros perdidos sin collar /
Mención de responsabilidad, etc. Gilbert Cesbron ; traducción del francés por María Barbeito y Cerviño.
250 ## - MENCIÓN DE EDICIÓN
Mención de edición 3a ed.
260 ## - PUBLICACIÓN, DISTRIBUCIÓN, ETC.
Lugar de publicación, distribución, etc. Barcelona, (España) :
Nombre del editor, distribuidor, etc. Ediciones Destino,
Fecha de publicación, distribución, etc. 1965.
300 ## - DESCRIPCIÓN FÍSICA
Extensión 303, [2] p. ;
Dimensiones 19 cm.
490 1# - MENCIÓN DE SERIE
Mención de serie Áncora y delfín
Designación de volumen o secuencia 112
534 ## - NOTA SOBRE LA VERSIÓN ORIGINAL
Encabezamiento principal del original Título original:
Mención de título del original Chiens perdus sans collier
700 1# - PUNTO DE ACCESO ADICIONAL--NOMBRE DE PERSONA
Nombre de persona Barbeito y Cerviño, María
Término indicativo de función/relación tr.
9 (RLIN) 52929
830 #0 - PUNTO DE ACCESO ADICIONAL DE SERIE-TÍTULO UNIFORME
Título uniforme Áncora y delfín ;
Designación de volumen o secuencia 112
9 (RLIN) 4704
Holdings
Estado de retiro Estado de pérdida Restricciones de uso No para préstamo Código de colección Localización permanente Ubicación/localización actual Ubicación en estantería Fecha de adquisición Número de inventario Total de préstamos Signatura topográfica completa Código de barras Fecha visto por última vez Precio válido a partir de Tipo de ítem Koha
        Monografías: Libros y Folletos General General En catalogación 25.02.2011 LF1   NNN C421p, 1965 26022-10 25.06.2020 25.06.2020 Préstamo en sala

Powered by Koha